[Event "Junior Online 4NCL Division 2"]
[Site "online"]
[Date "2020.10.29"]
[Round "6.77"]
[White "Keenan, Isaac"]
[Black "Ravithas, Abinash"]
[Result "0-1"]
[WhiteElo "1285"]
[BlackElo "1337"]
[PlyCount "78"]
[EventDate "2020.10.29"]
[WhiteTeam "Robin Hoods 2"]
[BlackTeam "St Albans Early Knights 2"]

1. d4 d5 2. Bf4 Nf6 3. Nf3 Bf5 4. e3 a6 5. Bd3 Bg6 6. c3 Nc6 7. Qc2 e6 8. Nbd2
Bd6 9. Bg3 Qd7 10. O-O-O O-O 11. a3 Rfb8 12. Ne5 Bxe5 13. dxe5 Ng4 14. f3 Ngxe5
15. f4 Nxd3+ 16. Kb1 Nf2 17. Bxf2 Bxc2+ 18. Kxc2 b5 19. Bh4 a5 20. b4 axb4 21.
cxb4 Rxa3 22. Kb2 Rxe3 23. Rhe1 Rxe1 24. Rxe1 Nxb4 25. Kb3 Nd3 26. Re5 Nxe5 27.
fxe5 c5 28. Bf6 gxf6 29. exf6 c4+ 30. Kb4 Qd6+ 31. Ka5 Ra8+ 32. Kxb5 c3 33. Nb3
c2 34. g3 Rb8+ 35. Ka4 Rb4+ 36. Ka3 Rxb3+ 37. Kxb3 c1=Q 38. Ka2 Qb8 39. g4
Qcb2# 0-1

[Event "Junior Online 4NCL Division 2"]
[Site "online"]
[Date "2020.10.29"]
[Round "6.78"]
[White "Shaporenkov, Robert"]
[Black "Krasnov, Maksim"]
[Result "1-0"]
[WhiteElo "1322"]
[BlackElo "1255"]
[PlyCount "31"]
[EventDate "2020.10.29"]
[WhiteTeam "St Albans Early Knights 2"]
[BlackTeam "Robin Hoods 2"]

1. d4 d5 2. Bf4 Nc6 3. e3 Nf6 4. Nd2 Bf5 5. Ngf3 e6 6. c3 Bd6 7. Bg3 Qe7 8. Be2
e5 9. dxe5 Nxe5 10. Nxe5 Bxe5 11. Qb3 Bxg3 12. hxg3 O-O-O 13. O-O-O Nd7 14.
Qxd5 Bg6 15. Bf3 Qf6 16. Qxb7# 1-0

[Event "Junior Online 4NCL Division 2"]
[Site "online"]
[Date "2020.10.29"]
[Round "6.81"]
[White "Khandelwal, Akshaj"]
[Black "Mykhnenko, Marijka"]
[Result "1-0"]
[WhiteElo "1405"]
[BlackElo "1187"]
[PlyCount "127"]
[EventDate "2020.10.29"]
[WhiteTeam "Watford Juniors B"]
[BlackTeam "Warwickshire Bears F"]

1. d4 d5 2. c4 c6 3. Nc3 Nf6 4. e3 Bf5 5. Nf3 e6 6. Qb3 Nbd7 7. Qxb7 Qc8 8. Qb3
Rb8 9. Qa4 Ra8 10. c5 Be7 11. Be2 O-O 12. O-O Ne4 13. h3 Nxc3 14. bxc3 Be4 15.
Ba3 Nb8 16. Rfe1 Qd8 17. Rac1 Bg5 18. Qd1 Bh4 19. Bd3 Bxd3 20. Qxd3 Qf6 21. e4
dxe4 22. Qxe4 Bg5 23. Nxg5 Qxg5 24. Qf3 Qd5 25. Qxd5 cxd5 26. c6 Nxc6 27. Bxf8
Rxf8 28. c4 Na5 29. cxd5 exd5 30. Re5 Rd8 31. Rc5 Nb7 32. Rcxd5 Rxd5 33. Rxd5
h6 34. Rd7 Na5 35. Rxa7 Nc6 36. Ra8+ Kh7 37. d5 Ne5 38. d6 Kg6 39. Ra6 Kf5 40.
Ra5 Ke6 41. f4 Nd7 42. Ra3 Kxd6 43. Rd3+ Ke7 44. a4 Nc5 45. Rd4 Nb3 46. Rb4 Nc5
47. a5 Kd6 48. Rb6+ Kd5 49. a6 Nxa6 50. Rxa6 Ke4 51. Ra7 Kxf4 52. Rxf7+ Kg5 53.
Rxg7+ Kh5 54. g4+ Kh4 55. Kg2 h5 56. gxh5 Kxh5 57. Kf3 Kh4 58. Rg8 Kh5 59. Kf4
Kh6 60. Kf5 Kh7 61. Rg1 Kh6 62. Rg4 Kh5 63. Kf6 Kh6 64. Rh4# 1-0

[Event "Junior Online 4NCL Division 2"]
[Site "online"]
[Date "2020.10.29"]
[Round "6.82"]
[White "Pal, Rhea"]
[Black "Hurrell, Theo DR"]
[Result "1-0"]
[WhiteElo "1120"]
[BlackElo "1360"]
[PlyCount "91"]
[EventDate "2020.10.29"]
[WhiteTeam "Warwickshire Bears F"]
[BlackTeam "Watford Juniors B"]

1. d4 d5 2. Bf4 Nc6 3. e3 Bf5 4. Be2 Nf6 5. Nf3 e6 6. O-O Be7 7. Nbd2 Qd7 8.
Rc1 O-O-O 9. c4 h6 10. cxd5 exd5 11. Bb5 Bd6 12. Ne5 Bxe5 13. Bxe5 Qe6 14. Bxc6
bxc6 15. Qa4 Kd7 16. Qxa7 Rc8 17. Rc3 Ne4 18. Nxe4 Bxe4 19. Rfc1 Qg6 20. g3 Qe6
21. Rxc6 Qh3 22. Rxc7+ Rxc7 23. Qxc7+ Ke6 24. Rc6+ Kf5 25. Qxf7+ Kg4 26. Qxg7+
Kh5 27. Qf7+ Kg4 28. Qf4+ Kh5 29. Qh4+ Qxh4 30. gxh4 Rg8+ 31. Bg3 Kg4 32. a4
Kf3 33. a5 Ke2 34. a6 h5 35. a7 Ra8 36. Rc7 Kd3 37. b4 Bg6 38. b5 Be8 39. b6
Bc6 40. Rxc6 Ke4 41. b7 Rxa7 42. b8=Q Ra2 43. Qe5+ Kf3 44. Rf6+ Kg4 45. Qg5+
Kh3 46. Qf5# 1-0

[Event "Junior Online 4NCL Division 2"]
[Site "online"]
[Date "2020.10.29"]
[Round "6.83"]
[White "Tathare, Rohan"]
[Black "Sareen, Rohan"]
[Result "1-0"]
[WhiteElo "1232"]
[BlackElo "1112"]
[PlyCount "53"]
[EventDate "2020.10.29"]
[WhiteTeam "Watford Juniors B"]
[BlackTeam "Warwickshire Bears F"]

1. e4 e5 2. Nf3 Nc6 3. d4 exd4 4. Bc4 Nf6 5. e5 Ne4 6. O-O d6 7. Nxd4 Nxd4 8.
Qxd4 Bf5 9. Qd5 Qd7 10. Qxb7 Be7 11. Qxa8+ Qd8 12. Qxd8+ Bxd8 13. Nc3 Nxc3 14.
bxc3 dxe5 15. Ba3 e4 16. f3 Be6 17. Bb5+ Bd7 18. Bxd7+ Kxd7 19. Rfd1+ Kc8 20.
fxe4 Bf6 21. Rab1 Re8 22. Rd5 Rxe4 23. Bc5 c6 24. Rdd1 Be5 25. Bd4 Bd6 26. Bxg7
h6 27. Rxd6 1-0

[Event "Junior Online 4NCL Division 2"]
[Site "online"]
[Date "2020.10.29"]
[Round "6.84"]
[White "Gandhi, Preesh"]
[Black "Keerthi Kumar, Advait"]
[Result "0-1"]
[WhiteElo "1082"]
[BlackElo "1157"]
[PlyCount "90"]
[EventDate "2020.10.29"]
[WhiteTeam "Warwickshire Bears F"]
[BlackTeam "Watford Juniors B"]

1. e4 e5 2. Nf3 Bc5 3. Bc4 Nc6 4. Ng5 Qxg5 5. O-O d6 6. Kh1 Nf6 7. d4 Qg6 8.
dxc5 dxc5 9. Qd3 O-O 10. Nc3 Bd7 11. Be3 Rad8 12. Qe2 Nd4 13. Bxd4 cxd4 14. Nb5
Bxb5 15. Bxb5 Qxe4 16. Qxe4 Nxe4 17. Bd3 Nc5 18. Rfe1 Nxd3 19. cxd3 f6 20. Rac1
Rd7 21. Re4 b6 22. f4 Rdf7 23. f5 c5 24. Rf1 Rc7 25. Rf3 c4 26. dxc4 Rxc4 27.
Rf1 Rfc8 28. Ree1 Rc2 29. Rb1 d3 30. h3 d2 31. Rfd1 Rc1 32. Rbxc1 Rxc1 33. Rxc1
dxc1=Q+ 34. Kh2 Qxb2 35. Kg3 Qd4 36. h4 Kf7 37. h5 e4 38. h6 e3 39. Kf3 Qd2 40.
hxg7 Kxg7 41. a4 e2 42. a5 e1=Q 43. axb6 Qee3+ 44. Kg4 Qxg2+ 45. Kh4 Qeg5# 0-1

[Event "Junior Online 4NCL Division 2"]
[Site "online"]
[Date "2020.10.29"]
[Round "6.85"]
[White "Mykhnenko, Marijka"]
[Black "Khandelwal, Akshaj"]
[Result "0-1"]
[WhiteElo "1187"]
[BlackElo "1405"]
[PlyCount "57"]
[EventDate "2020.10.29"]
[WhiteTeam "Warwickshire Bears F"]
[BlackTeam "Watford Juniors B"]

1. e4 e6 2. d4 d5 3. e5 Nc6 4. Nf3 Nge7 5. Nc3 g6 6. Bg5 Bg7 7. Bf6 Bxf6 8.
exf6 Nf5 9. Bd3 Qxf6 10. Nb5 Qe7 11. O-O a6 12. Nc3 Bd7 13. Qd2 O-O-O 14. Ne5
Ncxd4 15. Nxd7 Qxd7 16. Ne2 Nxe2+ 17. Qxe2 Qc6 18. Bxf5 exf5 19. Qd3 Rhe8 20.
Rfe1 Kb8 21. c3 Qd6 22. Qh3 h5 23. Qd3 c6 24. Qg3 Qxg3 25. hxg3 Kc7 26. Kh2 Kd6
27. Kh3 Re6 28. Kh4 Rde8 29. Rxe6+ Rxe6 30. Kg5 Re2 31. Kf6 Rxf2 32. Kxf7 Rxg2
33. Kxg6 Rxg3+ 34. Kxh5 Ke6 35. Kh4 Rg8 36. Rf1 Kf6 37. Kh5 b6 38. Kh6 Rh8# 0-1

[Event "Junior Online 4NCL Division 2"]
[Site "online"]
[Date "2020.10.29"]
[Round "6.86"]
[White "Hurrell, Theo DR"]
[Black "Pal, Rhea"]
[Result "1-0"]
[WhiteElo "1360"]
[BlackElo "1120"]
[PlyCount "57"]
[EventDate "2020.10.29"]
[WhiteTeam "Watford Juniors B"]
[BlackTeam "Warwickshire Bears F"]

1. e4 e6 2. d4 d5 3. exd5 exd5 4. Nf3 Nf6 5. Nc3 Be7 6. Bd3 O-O 7. O-O Bg4 8.
h3 Bh5 9. Bf4 Nc6 10. Ne2 Qd7 11. c3 Ne4 12. Ng3 Qe6 13. Nxh5 Qf5 14. Ng3 Qxf4
15. Nxe4 dxe4 16. d5 exf3 17. dxc6 Bd6 18. g3 Qh6 19. h4 bxc6 20. Qxf3 Rab8 21.
Rfe1 Rxb2 22. Qxc6 Qf6 23. Re2 Rxe2 24. Bxe2 Qe5 25. Re1 f5 26. Bc4+ Kh8 27.
Rxe5 Bxe5 28. Qc5 Bxc3 29. Qxf8# 1-0

[Event "Junior Online 4NCL Division 2"]
[Site "online"]
[Date "2020.10.29"]
[Round "6.87"]
[White "Sareen, Rohan"]
[Black "Tathare, Rohan"]
[Result "0-1"]
[WhiteElo "1112"]
[BlackElo "1232"]
[PlyCount "82"]
[EventDate "2020.10.29"]
[WhiteTeam "Warwickshire Bears F"]
[BlackTeam "Watford Juniors B"]

1. e4 d5 2. exd5 Nf6 3. Nc3 c6 4. dxc6 Nxc6 5. d4 Bg4 6. f3 Bf5 7. Qd2 Qxd4 8.
Qxd4 Nxd4 9. Bb5+ Nxb5 10. Nxb5 Rc8 11. Nxa7 Rxc2 12. Kd1 Rxg2 13. Bf4 Nd5 14.
Ne2 Nxf4 15. Nxf4 Rxb2 16. Rc1 Rxa2 17. Rc8+ Bxc8 18. Nxc8 Ra1+ 19. Kd2 Rxh1
20. Nd5 Rxh2+ 21. Ke3 Kd7 22. Ndb6+ Kc7 23. Kd4 Rd2+ 24. Kc5 Rc2+ 25. Kb5 Rb2+
26. Kc5 e6+ 27. Kc4 Rxb6 28. Nxb6 Kxb6 29. Kb3 h5 30. Kc4 h4 31. Kd4 h3 32. f4
h2 33. f5 h1=R 34. fxe6 fxe6 35. Ke5 Rf1 36. Kxe6 Rh2 37. Kd7 Re2 38. Kd8 Rd1+
39. Kc8 Rc2+ 40. Kb8 Bd6+ 41. Ka8 Ra1# 0-1

[Event "Junior Online 4NCL Division 2"]
[Site "online"]
[Date "2020.10.29"]
[Round "6.88"]
[White "Keerthi Kumar, Advait"]
[Black "Gandhi, Preesh"]
[Result "1-0"]
[WhiteElo "1157"]
[BlackElo "1082"]
[PlyCount "101"]
[EventDate "2020.10.29"]
[WhiteTeam "Watford Juniors B"]
[BlackTeam "Warwickshire Bears F"]

1. e4 e5 2. Nf3 Nc6 3. Bc4 Bc5 4. O-O Nf6 5. d3 O-O 6. Nc3 h6 7. h3 d6 8. Be3
Bxe3 9. fxe3 Be6 10. Bxe6 fxe6 11. d4 exd4 12. exd4 e5 13. d5 Ne7 14. Qd3 Nd7
15. Ne2 Nc5 16. Qe3 c6 17. Nd2 cxd5 18. exd5 Nxd5 19. Qe4 Nxe4 20. Nxe4 Rxf1+
21. Rxf1 Ne3 22. Rf3 Nxc2 23. Rd3 Qb6+ 24. Kh2 Qb5 25. Rd2 Nd4 26. N2c3 Qf1 27.
Rf2 Qa6 28. Nd5 Rf8 29. Ne7+ Kh7 30. Rxf8 h5 31. Rf7 Qxa2 32. Nf6+ Kh6 33.
Nfg8+ Kg5 34. Rxg7+ Kf4 35. Nf6 Qxb2 36. Nxh5+ Ke3 37. Nd5+ Kf2 38. Rf7+ Ke1
39. Ng3 Qa2 40. Rf1+ Kd2 41. Rf2+ Kd3 42. Rxa2 Ne2 43. Nxe2 Ke4 44. Nec3+ Kd4
45. h4 Kc4 46. h5 Kd4 47. h6 Kc5 48. h7 Kc6 49. h8=Q Kc5 50. Qc8+ Kd4 51. Rd2#
1-0

[Event "Junior Online 4NCL Division 2"]
[Site "online"]
[Date "2020.10.29"]
[Round "6.91"]
[White "Santhosh, Alwis Joe"]
[Black "Xu, Jiarui"]
[Result "0-1"]
[WhiteElo "1255"]
[BlackElo "1412"]
[PlyCount "60"]
[EventDate "2020.10.29"]
[WhiteTeam "Ojays F"]
[BlackTeam "Cambridge Chess & Go B"]

1. e4 e5 2. Nf3 Nc6 3. Bc4 Bc5 4. Nc3 Nf6 5. d3 h6 6. Be3 Bb6 7. h3 d6 8. O-O
Be6 9. Bb3 O-O 10. Re1 Re8 11. Qd2 Bxe3 12. Qxe3 Na5 13. d4 Nxb3 14. axb3 exd4
15. Nxd4 c5 16. Nf3 Bd7 17. Qd2 Bc6 18. e5 Bxf3 19. gxf3 dxe5 20. Qxd8 Raxd8
21. Rxa7 Rd7 22. Na4 b6 23. Ra6 Rd2 24. Rxb6 Rxc2 25. Rc6 Nd7 26. Kg2 f6 27.
Kg3 Kf7 28. Rc7 Ke6 29. Nxc5+ Nxc5 30. f4 Ne4+ 0-1

[Event "Junior Online 4NCL Division 2"]
[Site "online"]
[Date "2020.10.29"]
[Round "6.93"]
[White "Griffith, Theodore"]
[Black "Syposz, Adam"]
[Result "1-0"]
[WhiteElo "1262"]
[BlackElo "1315"]
[PlyCount "83"]
[EventDate "2020.10.29"]
[WhiteTeam "Ojays F"]
[BlackTeam "Cambridge Chess & Go B"]

1. e4 e5 2. Nf3 d6 3. Nc3 Bg4 4. Bc4 b6 5. Nxe5 dxe5 6. Qxg4 c5 7. Qf5 f6 8.
Bd5 g6 9. Qf3 Ne7 10. Bxa8 Nbc6 11. Bxc6+ Nxc6 12. Nd5 Nd4 13. Qc3 f5 14. d3 h5
15. Be3 b5 16. Bxd4 exd4 17. Qb3 b4 18. Qa4+ Qd7 19. Nf6+ Ke7 20. Nxd7 Rh7 21.
Nxc5 Kd6 22. Qxb4 Ke5 23. Qb8+ Bd6 24. Nd7+ Rxd7 25. Qe8+ Re7 26. f4+ Kxf4 27.
O-O+ Kg5 28. Qd8 Bc5 29. c3 dxc3+ 30. d4 cxb2 31. dxc5 Kf6 32. Qd4+ Re5 33.
Qxb2 a5 34. c6 Ke6 35. Qb3+ Kd6 36. Qb8+ Kxc6 37. Qxe5 a4 38. Rac1+ Kb6 39.
Qb8+ Ka6 40. Rc6+ Ka5 41. Rb1 fxe4 42. Qb5# 1-0

[Event "Junior Online 4NCL Division 2"]
[Site "online"]
[Date "2020.10.29"]
[Round "6.94"]
[White "Lee, Isaac"]
[Black "Terrado, Rhianne"]
[Result "1-0"]
[WhiteElo "1219"]
[BlackElo "1202"]
[PlyCount "129"]
[EventDate "2020.10.29"]
[WhiteTeam "Cambridge Chess & Go B"]
[BlackTeam "Ojays F"]

1. e4 e5 2. Nf3 Nc6 3. d4 Nf6 4. Nc3 exd4 5. Nxd4 Nxd4 6. Qxd4 Ng4 7. h3 Nf6 8.
Bc4 c6 9. Bf4 b6 10. O-O Bc5 11. Qd2 Qe7 12. Rfe1 O-O 13. Be3 Nxe4 14. Nxe4
Qxe4 15. Bxc5 Qxc4 16. Bxf8 d5 17. Ba3 Bf5 18. Qe3 h6 19. c3 Qa6 20. Qe5 Qc8
21. Rad1 Qd7 22. c4 Bxh3 23. gxh3 Qxh3 24. Qg3 Qd7 25. cxd5 cxd5 26. Qf3 Qc6
27. Qxd5 Qg6+ 28. Qg2 Qh5 29. Qxa8+ Kh7 30. Qe4+ f5 31. Qh1 Qg5+ 32. Qg2 Qf6
33. Rd6 Qf7 34. Qg6+ Qxg6+ 35. Rxg6 Kxg6 36. Re6+ Kg5 37. Bf8 g6 38. Re3 f4 39.
Be7+ Kf5 40. Rf3 g5 41. Kg2 g4 42. Rd3 h5 43. Bh4 Ke4 44. Rc3 a5 45. f3+ gxf3+
46. Rxf3 b5 47. Bd8 a4 48. Bc7 b4 49. Rxf4+ Ke3 50. Rxb4 a3 51. bxa3 h4 52.
Rxh4 Kd3 53. a4 Kc3 54. a5 Kb2 55. a6 Kxa2 56. a7 Kb3 57. a8=Q Kc3 58. Qh8+ Kd3
59. Qd4+ Ke2 60. Qb2+ Ke3 61. Bb6+ Kd3 62. Rd4+ Ke3 63. Rg4+ Kd3 64. Qd4+ Ke2
65. Re4# 1-0

[Event "Junior Online 4NCL Division 2"]
[Site "online"]
[Date "2020.10.29"]
[Round "6.95"]
[White "Xu, Jiarui"]
[Black "Santhosh, Alwis Joe"]
[Result "1-0"]
[WhiteElo "1412"]
[BlackElo "1255"]
[PlyCount "77"]
[EventDate "2020.10.29"]
[WhiteTeam "Cambridge Chess & Go B"]
[BlackTeam "Ojays F"]

1. e4 e5 2. Nf3 Nc6 3. Bc4 Bc5 4. d3 h6 5. O-O Nf6 6. h3 d6 7. Nc3 Be6 8. Bb3
Qd7 9. Bxe6 fxe6 10. Be3 Bb6 11. d4 exd4 12. Nxd4 O-O 13. Qd2 Ba5 14. Qd1 Bxc3
15. bxc3 Nxe4 16. Qd3 Nc5 17. Qg6 Ne5 18. Qh5 Rf7 19. f4 g6 20. Qe2 Nc6 21. Nf3
Ne4 22. Bd4 d5 23. Ne5 Nxe5 24. Bxe5 Raf8 25. Rab1 Ng3 26. Qg4 Nf5 27. Qxg6+
Ng7 28. Qxh6 Rf5 29. g4 R5f7 30. g5 Re8 31. g6 Rf5 32. Qh7+ Kf8 33. Qh8+ Ke7
34. Qxg7+ Kd8 35. Qxd7+ Kxd7 36. g7 Rg8 37. Rf2 Rh5 38. Rh2 Ke7 39. Rxb7 1-0

[Event "Junior Online 4NCL Division 2"]
[Site "online"]
[Date "2020.10.29"]
[Round "6.97"]
[White "Syposz, Adam"]
[Black "Griffith, Theodore"]
[Result "0-1"]
[WhiteElo "1315"]
[BlackElo "1262"]
[PlyCount "98"]
[EventDate "2020.10.29"]
[WhiteTeam "Cambridge Chess & Go B"]
[BlackTeam "Ojays F"]

1. e4 e6 2. Nf3 d5 3. d3 dxe4 4. dxe4 Qxd1+ 5. Kxd1 Nc6 6. Bb5 Bd7 7. Nc3 a6 8.
Ba4 O-O-O 9. Bg5 f6 10. Bh4 e5 11. Ke1 Bb4 12. a3 Bxc3+ 13. bxc3 Na5 14. Bxd7+
Rxd7 15. Rd1 Rxd1+ 16. Kxd1 Ne7 17. g3 Nc4 18. Re1 Rd8+ 19. Kc1 Nxa3 20. Rd1
Rxd1+ 21. Kxd1 g5 22. Nxg5 fxg5 23. Bxg5 Ng6 24. f4 exf4 25. gxf4 Kd7 26. f5
Ne5 27. f6 Ke6 28. Kc1 Nac4 29. h4 Nd6 30. Kb2 Nxe4 31. Bf4 Nxf6 32. Kb3 Ng6
33. Bxc7 Nxh4 34. Kb4 h5 35. Ka5 Nd5 36. c4 Nxc7 37. c5 Kd5 38. Kb6 Nf3 39. c6
bxc6 40. Kxc7 h4 41. Kb7 h3 42. Kxa6 h2 43. c3 h1=Q 44. Kb6 Qh7 45. Ka5 Qb1 46.
Ka4 Qb2 47. Ka5 Qb3 48. c4+ Kc5 49. Ka6 Qb6# 0-1

[Event "Junior Online 4NCL Division 2"]
[Site "online"]
[Date "2020.10.29"]
[Round "6.98"]
[White "Terrado, Rhianne"]
[Black "Lee, Isaac"]
[Result "1-0"]
[WhiteElo "1202"]
[BlackElo "1219"]
[PlyCount "65"]
[EventDate "2020.10.29"]
[WhiteTeam "Ojays F"]
[BlackTeam "Cambridge Chess & Go B"]

1. e4 e5 2. Bc4 Nc6 3. d3 h6 4. Nf3 Bc5 5. Nc3 Nf6 6. h3 O-O 7. a3 d6 8. Nh4
Nxe4 9. dxe4 Qxh4 10. g3 Qf6 11. Rh2 Bxh3 12. Nd5 Bxf2+ 13. Rxf2 Qg6 14. Bb5
Qxe4+ 15. Ne3 Nd4 16. Bd3 Qh1+ 17. Kd2 Nc6 18. Qxh1 Be6 19. Nf5 Bxf5 20. Bxf5
Ne7 21. Bd3 c6 22. g4 Rfe8 23. g5 hxg5 24. Qh7+ Kf8 25. Bg6 Nxg6 26. Qxg6 Re7
27. Kd1 e4 28. Bxg5 e3 29. Bxe7+ Kxe7 30. Rxf7+ Kd8 31. Qxg7 e2+ 32. Kxe2 Kc8
33. Qg8# 1-0

[Event "Junior Online 4NCL Division 2"]
[Site "online"]
[Date "2020.10.29"]
[Round "6.101"]
[White "Sanka, Amit Aryan"]
[Black "Le, Anh Dung"]
[Result "0-1"]
[WhiteElo "1682"]
[BlackElo "1900"]
[PlyCount "164"]
[EventDate "2020.10.29"]
[WhiteTeam "KJCA Young Kestrels D"]
[BlackTeam "May The Fork Be With You 1"]

1. Nf3 c5 2. e3 e6 3. c4 Nf6 4. Be2 Nc6 5. d4 d5 6. Nc3 a6 7. O-O dxc4 8. Bxc4
b5 9. Bd3 Bb7 10. Ne4 cxd4 11. Nxf6+ Qxf6 12. exd4 h6 13. Be4 Be7 14. b3 O-O
15. Bb2 Qf4 16. Re1 Rfd8 17. Qe2 Bf6 18. Rad1 Na5 19. Bxb7 Nxb7 20. Bc1 Qd6 21.
Qe4 Na5 22. b4 Nc6 23. Bf4 Qd5 24. Qb1 Rac8 25. Be3 Ne7 26. a3 Qb7 27. h3 Rc3
28. Qb2 Rdc8 29. Rc1 Nd5 30. Bd2 R3c4 31. Ne5 Bxe5 32. dxe5 Nb6 33. Be3 Nd5 34.
Bd4 Qc6 35. Rcd1 Rc2 36. Qb1 Qc4 37. Qa1 Nc3 38. Bxc3 Rxc3 39. Qb1 Rxa3 40. Qb2
Ra2 41. Qb1 Qc2 42. Rf1 Rb2 43. Qa1 Ra2 44. Qb1 Qxb1 45. Rxb1 Rcc2 46. Kh2 Rxf2
47. Rxf2 Rxf2 48. Ra1 Rb2 49. Rxa6 Rxb4 50. Rb6 Kh7 51. Rb7 Kg6 52. Kg3 Rb3+
53. Kf4 Rb2 54. g4 b4 55. h4 b3 56. h5+ Kh7 57. Ke3 Rb1 58. Rb4 b2 59. Kd2 Rg1
60. Kc2 Rg2+ 61. Kb1 g6 62. hxg6+ Kxg6 63. Rxb2 Rxb2+ 64. Kxb2 Kg5 65. Kc3 Kxg4
66. Kd4 h5 67. Ke4 h4 68. Ke3 Kg3 69. Ke4 h3 70. Ke3 h2 71. Ke2 h1=Q 72. Ke3
Qf3+ 73. Kd4 Qd5+ 74. Kc3 Kf3 75. Kb4 Qc6 76. Kb3 Qc5 77. Kb2 Qc4 78. Ka3 Qb5
79. Ka2 Ke2 80. Ka1 Kd2 81. Ka2 Kc2 82. Ka3 Qb3# 0-1

[Event "Junior Online 4NCL Division 2"]
[Site "online"]
[Date "2020.10.29"]
[Round "6.102"]
[White "Li, Ethan"]
[Black "Wang, Yong Gui"]
[Result "0-1"]
[WhiteElo "1840"]
[BlackElo "1592"]
[PlyCount "84"]
[EventDate "2020.10.29"]
[WhiteTeam "May The Fork Be With You 1"]
[BlackTeam "KJCA Young Kestrels D"]

1. e4 e6 2. d4 d5 3. Nd2 Nf6 4. e5 Nfd7 5. Bd3 c5 6. c3 Nc6 7. Ne2 Be7 8. O-O
g5 9. f4 gxf4 10. Rxf4 Bg5 11. Rf1 cxd4 12. cxd4 Be3+ 13. Kh1 Qh4 14. Nf3 Qh6
15. Ng3 Bxc1 16. Rxc1 Rg8 17. Qe1 Nb6 18. Qf2 Rg7 19. Be2 Bd7 20. Nd2 Qxd2 21.
Nh5 Qg5 22. Nxg7+ Qxg7 23. Bh5 O-O-O 24. b4 Kb8 25. b5 Ne7 26. a3 Bxb5 27. Qxf7
Qxf7 28. Rxf7 Nc6 29. Rd1 Ba4 30. Rd3 Nc4 31. Rxh7 Bc2 32. Be2 Bxd3 33. Bxd3
Nxd4 34. Rh5 Nxa3 35. g4 Rg8 36. h3 Nc4 37. Kg2 Kc7 38. g5 Nxe5 39. Bb1 Ndf3
40. h4 Nxh4+ 41. Rxh4 Rxg5+ 42. Kf2 Kd6 0-1

[Event "Junior Online 4NCL Division 2"]
[Site "online"]
[Date "2020.10.29"]
[Round "6.103"]
[White "Ajili, Nour"]
[Black "Gilmore, Samuel"]
[Result "0-1"]
[WhiteElo "1592"]
[BlackElo "1840"]
[PlyCount "108"]
[EventDate "2020.10.29"]
[WhiteTeam "KJCA Young Kestrels D"]
[BlackTeam "May The Fork Be With You 1"]

1. e4 c6 2. d4 d5 3. exd5 cxd5 4. Nf3 Nf6 5. Bf4 Nc6 6. Nc3 Bf5 7. Bb5 a6 8.
Ba4 e6 9. O-O Be7 10. Ne5 Rc8 11. a3 O-O 12. Nf3 Ne4 13. Bxc6 bxc6 14. Nxe4
Bxe4 15. Nd2 Bg6 16. c3 c5 17. Rc1 Qb6 18. dxc5 Bxc5 19. b4 Be7 20. Nf3 Rfd8
21. Qe2 Bf6 22. Ne5 Bxe5 23. Bxe5 Rc4 24. Bd4 Qc6 25. Rfe1 Rc8 26. Qe5 f6 27.
Qxe6+ Qxe6 28. Rxe6 Rxd4 29. Rxa6 Rdc4 30. h3 d4 31. Rd6 Rxc3 32. Rxc3 dxc3 33.
Rd1 c2 34. Rc1 Rd8 35. Kh2 Rd1 36. Rxc2 Bxc2 37. b5 Rb1 38. a4 Bxa4 39. b6 Rxb6
40. Kg3 g5 41. f3 h5 42. h4 Kf7 43. hxg5 fxg5 44. f4 gxf4+ 45. Kxf4 Rg6 46. g3
Rg4+ 47. Kf3 Bc6+ 48. Kf2 h4 49. gxh4 Rxh4 50. Kg3 Ra4 51. Kh3 Kf6 52. Kg3 Kf5
53. Kh3 Kg5 54. Kg3 Rf4 0-1

[Event "Junior Online 4NCL Division 2"]
[Site "online"]
[Date "2020.10.29"]
[Round "6.104"]
[White "Yedid, Lior"]
[Black "Sagar, Aneesh"]
[Result "0-1"]
[WhiteElo "1532"]
[BlackElo "1667"]
[PlyCount "180"]
[EventDate "2020.10.29"]
[WhiteTeam "May The Fork Be With You 1"]
[BlackTeam "KJCA Young Kestrels D"]

1. e4 e5 2. f4 exf4 3. Nf3 d6 4. d4 Nc6 5. Bxf4 Bg4 6. Nc3 Nf6 7. h3 Bxf3 8.
gxf3 Be7 9. Qe2 O-O 10. O-O-O Qd7 11. Rg1 Kh8 12. Qg2 Rg8 13. e5 Qf5 14. Bd2
dxe5 15. Bd3 Qh5 16. dxe5 Nxe5 17. Be2 Qg6 18. Qh2 Qf5 19. Rg5 Nxf3 20. Rxf5
Nxh2 21. Rh1 Bd6 22. Nb5 Bg3 23. Rg1 Ne4 24. Bd3 Nxd2 25. Kxd2 Be5 26. Be2 Bxb2
27. Rg2 c6 28. Nd6 Rgd8 29. Ke1 Rxd6 30. Rxh2 Bc3+ 31. Kf1 f6 32. Bd3 Re8 33.
Rh5 h6 34. Rh4 Be5 35. Rg2 Re7 36. Ra4 a6 37. Rb4 Bc3 38. Rb3 Ba5 39. Rg4 b5
40. a4 Rde6 41. axb5 axb5 42. Ra3 Re1+ 43. Kf2 Bb6+ 44. Kg2 Re8 45. Bg6 Rg1+
46. Kf3 Rxg4 47. hxg4 Rb8 48. Ra6 Kg8 49. Be4 c5 50. Bd5+ Kf8 51. Ba2 Ke7 52.
Ke4 Kd6 53. Kd3 c4+ 54. Kc3 Kc5 55. Kb2 Rb7 56. c3 Ra7 57. Rxa7 Bxa7 58. Kc2
Kd5 59. Kd2 Ke4 60. Bb1+ Kf4 61. Bf5 Bc5 62. Bd7 b4 63. cxb4 Bxb4+ 64. Kc2 Kg5
65. Kd1 h5 66. gxh5 Kxh5 67. Be6 c3 68. Bb3 g5 69. Ke2 g4 70. Kf2 Kg5 71. Kg3
f5 72. Bc2 f4+ 73. Kg2 Bc5 74. Be4 Be3 75. Bc2 Bd2 76. Bd3 Kh4 77. Kh2 f3 78.
Kg1 g3 79. Kf1 g2+ 80. Kf2 Be3+ 81. Kxe3 g1=Q+ 82. Kxf3 Qd1+ 83. Ke3 c2 84. Be2
Qe1 85. Kd3 c1=Q 86. Bf3 Qcd2+ 87. Kc4 Qec1+ 88. Kb3 Qdb2+ 89. Ka4 Qcb1 90. Ka5
Q1a1# 0-1

[Event "Junior Online 4NCL Division 2"]
[Site "online"]
[Date "2020.10.29"]
[Round "6.105"]
[White "Le, Anh Dung"]
[Black "Sanka, Amit Aryan"]
[Result "1/2-1/2"]
[WhiteElo "1900"]
[BlackElo "1682"]
[PlyCount "96"]
[EventDate "2020.10.29"]
[WhiteTeam "May The Fork Be With You 1"]
[BlackTeam "KJCA Young Kestrels D"]

1. e4 e6 2. d4 c5 3. Nf3 Nc6 4. d5 exd5 5. exd5 Nce7 6. d6 Nf5 7. Qe2+ Be7 8.
dxe7 Ngxe7 9. Nc3 d5 10. Bf4 d4 11. Ne4 O-O 12. O-O-O b6 13. g4 Ng6 14. Bg3
Nxg3 15. hxg3 Bxg4 16. Bh3 Bxf3 17. Qxf3 Re8 18. Bf5 Ne5 19. Bxh7+ Kf8 20. Qg2
Ng4 21. Bf5 Nh6 22. Bh3 Qe7 23. Nd2 Qe2 24. Qf1 Qe7 25. Re1 Qg5 26. Rxe8+ Rxe8
27. Bg2 Ng8 28. Kd1 Qg4+ 29. Bf3 Qg6 30. Qd3 Qf6 31. Re1 Rxe1+ 32. Kxe1 Qe6+
33. Qe4 Qxa2 34. Qa8+ Ke7 35. Qb7+ Kf6 36. Ne4+ Kg6 37. Qc6+ Nf6 38. Nxf6 Qb1+
39. Kd2 gxf6 40. Qe4+ Kg7 41. Qg4+ Kf8 42. Qc8+ Kg7 43. Qg4+ Kf8 44. b3 Qf1 45.
Qc8+ Kg7 46. Qg4+ Kf8 47. Qc8+ Kg7 48. Qg4+ Kf8 1/2-1/2

[Event "Junior Online 4NCL Division 2"]
[Site "online"]
[Date "2020.10.29"]
[Round "6.106"]
[White "Wang, Yong Gui"]
[Black "Li, Ethan"]
[Result "0-1"]
[WhiteElo "1592"]
[BlackElo "1840"]
[PlyCount "148"]
[EventDate "2020.10.29"]
[WhiteTeam "KJCA Young Kestrels D"]
[BlackTeam "May The Fork Be With You 1"]

1. d4 Nf6 2. c4 g6 3. Nc3 Bg7 4. Nf3 d6 5. g3 O-O 6. Bg2 Nbd7 7. O-O Re8 8. e4
e5 9. d5 a5 10. a4 Nc5 11. Re1 Nh5 12. Be3 b6 13. Bxc5 bxc5 14. Qd2 f5 15. h3
f4 16. g4 Nf6 17. Rac1 h6 18. Nh4 Kh7 19. Nf3 g5 20. Kf1 Kg6 21. Ke2 h5 22.
gxh5+ Nxh5 23. Kd3 Rb8 24. Rh1 Rb4 25. Rb1 Ba6 26. b3 Qb8 27. Nb5 c6 28. dxc6
Rc8 29. c7 Qb6 30. Kc2 Bxb5 31. axb5 Rxc7 32. Ne1 Ra7 33. Nd3 Bf8 34. Nxb4 cxb4
35. Bf3 Ng7 36. h4 Ne6 37. Rbg1 Nd4+ 38. Kb2 Nxf3 39. Rxg5+ Nxg5 40. hxg5 Kxg5
41. Qe2 Qd4+ 42. Ka2 Rg7 43. f3 Qe3 44. Qh2 Rf7 45. Qh4+ Kg6 46. Qg4+ Kf6 47.
Qh4+ Ke6 48. Qg4+ Ke7 49. Qg5+ Ke8 50. Qg2 Rg7 51. Qh2 Qxf3 52. Rg1 Rxg1 53.
Qxg1 Qe2+ 54. Ka1 Qxe4 55. b6 f3 56. b7 Qxb7 57. Qg6+ Qf7 58. Qe4 f2 59. Qa8+
Ke7 60. Qb7+ Kf6 61. Qf3+ Kg7 62. Qg4+ Kh7 63. Qh3+ Kg8 64. Qg4+ Bg7 65. Qc8+
Kh7 66. Qh3+ Bh6 67. Qd3+ Qg6 68. Qf3 Qg1+ 69. Ka2 f1=Q 70. Qe4+ Qg6 71. Qb7+
Qff7 72. Qh1 Qf2+ 73. Ka1 Qd4+ 74. Ka2 Qc2# 0-1